000 00837cab a2200253 4500
001 X84055
008 090401t1997 xxu||||| |||| 00| 0 eng d
035 _a(Sirsi) u78443
041 _aeng
245 _aMcDougalls v BSE Trading
260 _c1997
350 _a0
490 _aNew Property Cases
_v[1997] NPC 67
520 _aCA 2 May 1997. A landlord who evicts gypsies who have entered premises vacated by a tenant, in order to secure the property is not held to have effected a surrender of the lease. (Headnoted taken from journal) NB. NO PHOTOCOPYING ALLOWED.
650 _aEVICTION
650 _aGYPSIES
650 _aLEASE SURRENDER
650 _aRECEIVERSHIP
650 _aRSC ORD 113
650 _aUNDERLEASE
690 _aLANDLORD AND TENANT-CASE LAW-BUSINESS TENANCIES
942 _n0
948 _c20/05/1997
999 _c49352
_d49352